Simpsons Classics : (Record no. 15627)
[ view plain ]
| 000 -LEADER | |
|---|---|
| fixed length control field | 01705ngm a2200325 4500 |
| 003 - CONTROL NUMBER IDENTIFIER | |
| control field | dpl |
| 005 - DATE AND TIME OF LATEST TRANSACTION | |
| control field | 20080723110517.0 |
| 007 - PHYSICAL DESCRIPTION FIXED FIELD--GENERAL INFORMATION | |
| fixed length control field | DVD |
| 008 - FIXED-LENGTH DATA ELEMENTS--GENERAL INFORMATION | |
| fixed length control field | ||||||sp199 xxu|||||c|||| 00| 0 eng d |
| 010 ## - LIBRARY OF CONGRESS CONTROL NUMBER | |
| LC control number | DVD-000475-477 |
| 024 ## - OTHER STANDARD IDENTIFIER | |
| Standard number or code | 15132 |
| Terms of availability | 399.00 |
| 035 ## - SYSTEM CONTROL NUMBER | |
| System control number | DVD-000475-477 |
| 040 ## - CATALOGING SOURCE | |
| Original cataloging agency | DPL |
| Transcribing agency | DPL |
| 082 ## - DEWEY DECIMAL CLASSIFICATION NUMBER | |
| Classification number | DVD / CLAS |
| 245 ## - TITLE STATEMENT | |
| Title | Simpsons Classics : |
| Statement of responsibility, etc | 20th Century Fox Presents |
| Medium | [videorecording] DVD/ |
| Remainder of title | Bar Wars, The |
| 246 ## - VARYING FORM OF TITLE | |
| Title proper/short title | . |
| 260 ## - PUBLICATION, DISTRIBUTION, ETC. (IMPRINT) | |
| Name of publisher, distributor, etc | 20th Century Fox Homeentertainment |
| 300 ## - PHYSICAL DESCRIPTION | |
| Extent | 1 videodisc DVD; (88 min.) : |
| Other physical details | sd., col. ; |
| Dimensions | 4 3/4 in. |
| Type of unit | DVD |
| 440 ## - SERIES STATEMENT/ADDED ENTRY--TITLE | |
| Title | 20th Centyry Fox Home Entertainment |
| 500 ## - GENERAL NOTE | |
| General note | Sole Distributor in India M/s. Excel Productions Autio Visuals Pvt. Ltd. |
| 500 ## - GENERAL NOTE | |
| General note | The Simpson Strike Back |
| 538 ## - SYSTEM DETAILS NOTE | |
| System details note | Dolby Digital 5.1-English,French, German, Italian, Cast, Spanish Subtitles: English, French, German, Cast.Spanish, Italian, dutch, Swedish, Norwegian, Danish, Finnish |
| 538 ## - SYSTEM DETAILS NOTE | |
| System details note | Aspect Ratio: 1.85:1, Presentation type: Full Frame, Presentation Size 4x3, Format DVD 9 Dual Layer Single Sided Disc. |
| 650 ## - SUBJECT ADDED ENTRY--TOPICAL TERM | |
| Topical term or geographic name as entry element | Animataed Movie |
| 942 ## - ADDED ENTRY ELEMENTS (KOHA) | |
| Koha item type | CD-ROMs, DVDs, VHS |
| Source of classification or shelving scheme | Dewey Decimal Classification |
| Classification part | DVD |
| Call number suffix | SIMP |
| Withdrawn status | Lost status | Source of classification or shelving scheme | Damaged status | Not for loan | Home library | Current library | Date acquired | Source of acquisition | Cost, normal purchase price | Total Checkouts | Full call number | Barcode | Date last seen | Copy number | Cost, replacement price | Price effective from | Koha item type | Total Renewals | Date checked out |
|---|---|---|---|---|---|---|---|---|---|---|---|---|---|---|---|---|---|---|---|
| Dewey Decimal Classification | Central Library | Central Library | 24/09/2008 | Purchase | 399.00 | DVD SIMP | DVD-000475 | 24/09/2008 | 1 | 399.00 | 24/09/2008 | CD-ROMs, DVDs, VHS | |||||||
| Dewey Decimal Classification | Patel Nagar | Patel Nagar | 24/09/2008 | Purchase | 399.00 | 4 | DVD SIMP | DVD-000477 | 06/06/2012 | 1 | 399.00 | 24/09/2008 | CD-ROMs, DVDs, VHS | 17/06/2011 | |||||
| Dewey Decimal Classification | Sarojini Nagar | Sarojini Nagar | 24/09/2008 | Purchase | 399.00 | 9 | DVD SIMP | DVD-000476 | 30/06/2014 | 1 | 399.00 | 24/09/2008 | CD-ROMs, DVDs, VHS | 1 | 13/06/2014 |
